LEADER 00925nam a2200229 i 4500 001 000000227840 003 CaOOAMICUS 005 20260420092105.0 008 140310s1876 it u000 u lat u 013 $a206742 040 $aSeMil$bita 100 0 $aTommaso : d'Aquino,$c.$0(OLS)http://semarc/name/423 245 10$aCatena aurea :$bIn Lucae Evangelium ; In Joannis Evangelium. 300 $a697 p. 500 $aFondo Bidoglio. 773 0 $aTommaso : d'Aquino $tDoctoris Angelici divi Thomae Aquinatis ... Opera omnia.$dParisiis : Apud Ludovicum Vivès, 1871-1880.$g17$w()9986 850 $aSeMil 852 $aSeMil$W1$xVenegono$y1$m2D VII 17 FA$j178186$B178186$CSeMilBibl$Z2$F188994 $8I 941 1 $a2 961 $aLascito: Bidoglio don Maurizio 996 $6245$aCatena aurea :$bIn Lucae Evangelium ; In Joannis Evangelium$9(OLS)http://semarc/title/326060